000 005340000a22001690004500
003 MACL
005 20160312134344.0
008 160312b xxu||||| |||| 00| 0 eng d
040 _aMACL
_cMACL
041 _aHindi
082 _a891.433
100 _aआबिद सुरती
_945135
245 _aगुजराती की श्रेष्‍ठ व्‍यग्‍ंय कथाऍ
260 _bअंकुर प्रकाशन
_aदिल्‍ली
650 _aStories
_945359
942 _cHIN
_k891.433
_2ddc
999 _c28588
_d28588